Carregando...

The report : India vision 2020 /

Detalhes bibliográficos
Autor principal: Committee on India Vision 2020
Formato: Printed Book
Idioma:English
Publicado em: New Delhi: Academic foundation, 2004.
LEADER 00498 a2200121 4500
008 100208b ||||| |||| 00| 0 eng d
082 |a 330 
100 |a Committee on India Vision 2020. 
245 |a The report :   |b India vision 2020 / 
260 |b Academic foundation,  |a New Delhi:  |c 2004. 
942 |c REF 
999 |c 317657  |d 317657 
952 |0 0  |1 0  |2 ddc  |4 0  |6 330_000000000000000_COM_T  |7 0  |9 363771  |a ECN  |b ECN  |c REF  |d 2010-09-07  |e Cosmo Books, Thrissur  |g 0.00  |i 8168  |l 1  |o 330 COM/T  |p ECN8168  |r 2013-06-14  |s 2013-06-06  |w 2010-09-07  |y REF